| 000 | 00359 a2200157 4500 | ||
|---|---|---|---|
| 001 | 68123 | ||
| 020 | _a9783190318810 | ||
| 040 | _cAnchieta - Pituba | ||
| 100 | _aPuchta, Herbert | ||
| 240 | 1 | 0 |
_aMotive A2 - Kompaktkurs DaF _ldeu / ger |
| 245 | 1 | 0 | _aMotive A2 - Kompaktkurs DaF |
| 300 | _a146 | ||
| 362 | 0 | _a2015 | |
| 650 | 4 | _aLíngua alemã | |
| 942 | _cBK | ||
| 999 |
_c68123 _d68123 |
||